000 00920nam a22003017a 4500
001 4932
003 FISKH
005 20250723154234.0
008 241025b cb ||||| |||| 00| 0 eng d
020 _a9780590444644
040 _aFISKH
_beng
_cFISKH
_dFISKH
050 _aPZ7.B78
082 _a813
100 _aBrink, Carol Ryrie
245 _aCaddie Woodlawn /
_cby Carol Ryrie Brink
250 _aFirst Scholastic printing, April 1991
260 _aNew York :
_bScholastic ;
_c1935.
300 _a275 pages :
_billustrations ;
_c20 cm .
490 _aCaddie Woodlawn
505 _aZ
520 _aThe adventures of an eleven-year-old tomboy growing up on the Wisconsin frontier in the mid-nineteenth century.
521 8 _a890
_bLexile
521 8 _aZ
_bRaz-Plus
650 _apioneers
_vfiction
700 _aHyman, Trian Schart
_eillustrator
942 _2ddc
_cBK
_n0
999 _c4932
_d4932